000 01000nam a22001815i 4500
001 164038
003 ES-MaACL
005 20230906212847.0
008 011116s1867 sp |||| | spa d
040 _aAR
_bspa
_cAR
100 1 _aRovira y Albert, Manuel de.
_9132128
245 1 0 _aAmor verdadero o Juan el correo
_b: drama en cinco actos y diez cuadros arreglado a la escena española del drama inglés D'Arrah na Pogne /
_cpor Manuel Rovira y Albert.
260 _aMadrid :
_bAdministración General de Obras Dramáticas y Líricas,
_c1867 (
_fJosé Rodríguez)
300 _a81 p ;
_c21 cm.
500 _aEn port.: Representado por primera vez con extraordinario éxito, en el teatro del Circo en la noche del 8 de febrero de 1867.
598 1 _aEl teatro : Administración de Obras Dramáticas y Líricas.
852 _aES-MaACL
_jF-8580(4)
_z-- Enc. pasta española, falto de la enc. original
_z-- Enc. en un vol. facticio formando parte de la col. faciticia "Teatro español moderno", vol. 33
999 _c164038
_d164038